000 01653nam0a2200313 4500
001 RU\NLR\bibl\553170
005 20260409073629.0
021 _aRU
_b2004-18435
_9942
035 _a(NLR Aleph) 000545333
090 _a1438669
_c1438669
100 _a20040916d2003 |||y0rusy50 ca
101 0 _arus
102 _aRU
105 _aa |||||||||
200 1 _aИнформационные системы в экономике
_eУчеб. пособие
_e[Для студентов оч. и заоч. форм обучения спец. 060500 "Бух. учет, анализ и аудит]
_fТ.А. Яковлева
_gМ-во образования Рос. Федерации, Ом. гос. ин-т сервиса. Каф. бух. учета, анализа и аудита
210 _aОмск
_cОГИС
_d2003
215 _a146 с.
_cил.
_d20
320 _aБиблиогр.: с. 140-141 (23 назв.)
606 0 _aИнформационные системы в экономике
_jРуководства, пособия и т.п. для высшей школы
_92090730
_3RU\NLR\auth\661265456
606 _aЭкономика
_xИнформационные системы
_jУчебные издания для высших учебных заведений
_3RU\NLR\auth\661265458
_92090732
686 _aУ.ф0я73
700 1 _4070
_8rus
_7ca
_aЯковлева
_bТ. А.
_cканд. экон. наук
_gТамара Александровна
_3RU\NLR\auth\77116542
_999467
801 0 _aRU
_bNLR
_c20040916
_gPSBO
801 1 _aRU
_bNLR
_c20040916
830 _aавт. по кн.
942 _cBOOK
980 _aNB
980 _aNBR